Portrait of a teacher : (Record no. 304)

MARC details
000 -LEADER
fixed length control field 00743nam a2200217 a 4500
005 - DATE AND TIME OF LATEST TRANSACTION
control field 20260322212014.0
008 - FIXED-LENGTH DATA ELEMENTS--GENERAL INFORMATION
fixed length control field data
010 ## - LIBRARY OF CONGRESS CONTROL NUMBER
LC control number 91178263
040 ## - CATALOGING SOURCE
Original cataloging agency DLC
Transcribing agency DLC
043 ## - GEOGRAPHIC AREA CODE
Geographic area code n-us-az
050 00 - LIBRARY OF CONGRESS CALL NUMBER
Classification number LA2317.P67
Item number G67 1990
082 00 - DEWEY DECIMAL CLASSIFICATION NUMBER
Classification number B
-- B
Edition information 20
001 - CONTROL NUMBER
control field data
245 00 - TITLE STATEMENT
Title Portrait of a teacher :
Remainder of title Mary Elizabeth Post and something of the times in which she lived, 1841-1934 /
Statement of responsibility, etc. edited by Ruth Leedy Gordon & Janet Gordon-Roach.
260 ## - PUBLICATION, DISTRIBUTION, ETC.
Place of publication, distribution, etc. [Cottonwood, Ariz.?] :
Name of publisher, distributor, etc. J. Gordon-Roach,
Date of publication, distribution, etc. c1990.
300 ## - PHYSICAL DESCRIPTION
Extent xiv, 154 p., [1] leaf of plates :
Other physical details ill., maps ;
Dimensions 23 cm.
600 10 - SUBJECT ADDED ENTRY--PERSONAL NAME
Personal name Post, Mary Elizabeth,
Dates associated with a name 1841-1934.
650 #0 - SUBJECT ADDED ENTRY--TOPICAL TERM
Topical term or geographic name entry element Teachers
Geographic subdivision Arizona
General subdivision Biography.
700 1# - ADDED ENTRY--PERSONAL NAME
Personal name Gordon, Ruth Leedy,
Dates associated with a name 1888-1973.
700 1# - ADDED ENTRY--PERSONAL NAME
Personal name Gordon-Roach, Janet.
Holdings
Withdrawn status Lost status Damaged status Not for loan Home library Current library Shelving location Date acquired Total checkouts Full call number Barcode Date last seen Price effective from Koha item type
        Fairview Fairview General stacks 22/03/2026   371.1/0092 B 20 BC0010313 22/03/2026 22/03/2026 Books